| 000 | 00353nam a22001217a 4500 | ||
|---|---|---|---|
| 008 | 230609b xxu||||| |||| 00| 0 eng d | ||
| 082 |
_a354.676 _bGOK |
||
| 110 | _bGOK | ||
| 245 |
_a2012/2013 Estimates of Development Expenditure of the GOK for the year Ending 30th June, 2013 _bApril 2012 |
||
| 260 |
_aKenya _bGoK _c2012 |
||
| 300 | _a399p | ||
| 942 |
_2ddc _cBK |
||
| 999 |
_c874 _d874 |
||